000 00632nam a2200193Ia 4500
005 20250507130207.0
008 008 250505s9999 xx 000 0 eng d
037 _aSeries Article
040 _aEASL
_beng
_cEASL
041 _aeng
_2eng
084 _qEASL
100 _aKuan Teresa
_9668736
245 0 _aHert says one thing but the another "; Story about emotion - work ,Ambivalence and popular advice for parents
260 _aAustralia
_bCanberra Australian National University Australia
_c2011
300 _a77-100
650 _aSocial Science; Taiwan
_9755030
942 _cSRA
999 _c1318242
_d1318242